000 00491cam a2200193ua 4500
001 9777
008 160228n II |||gr||||Z||||||eng
040 _aMAIN
041 _aEnglish
082 _a330.01 SAR
100 _aSARKAR & MITRA.
245 _aHS ELEMENTS OF ECONOMIC THEORY AND INDIAN ECONOMIC
260 _aGUWAHATI
_bBHAWANI PUBLISHING CONCERN
300 _a428:
_c20CM.
653 _aEconomic Theory
700 _aSARKAR & MITRA.,
_eAuthor.
700 _aMITRA .
942 _cBK
999 _c9748
_d9748